All Christina Aguilera Songs - Statistics

General Stats
  • This quiz has been taken 203 times
  • The average score is 62 of 179
Answer Stats
Album Song % Correct
Christina Aguilera Genie in a Bottle
93%
Stripped Beautiful
85%
Stripped Dirrty
79%
Back to Basics Candyman
76%
Stripped Fighter
76%
Moulin Rouge! Music from Baz Luhrmann's Film Lady Marmalade
76%
Christina Aguilera What a Girl Wants
73%
Bionic Bionic
72%
Back to Basics Hurt
72%
Christina Aguilera | Mulan (Soundtrack) Reflection
72%
Back to Basics Intro (Back to Basics)
71%
Stripped Stripped Pt. 2
71%
Back to Basics Ain't No Other Man
65%
Christina Aguilera Come On Over Baby (All I Want Is You)
63%
Is There Anybody Out There? Say Something
61%
Stripped Can't Hold Us Down
60%
Keeps Gettin' Better: A Decade of Hits Keeps Gettin' Better
60%
Mi Reflejo Mi Reflejo
60%
Lotus Your Body
59%
Bionic Not Myself Tonight
57%
Shark Tale: Motion Picture Soundtrack Car Wash
55%
Liberation Liberation
55%
Stripped The Voice Within
55%
Christina Aguilera I Turn to You
54%
Just Be Free Just Be Free
54%
Liberation Fall in Line
50%
Back to Basics Oh Mother
50%
Bionic Woohoo
47%
Liberation Accelerate
46%
Lotus Just a Fool
46%
Stripped Get Mine, Get Yours
45%
Back to Basics Makes Me Wanna Pray
45%
Stripped Impossible
44%
Burlesque: Original Motion Picture Soundtrack Show Me How You Burlesque
44%
Stripped Soar
44%
Stripped Walk Away
44%
Bionic You Lost Me
44%
Back to Basics Welcome
43%
Stripped I'm OK
42%
Liberation Maria
42%
Back to Basics Still Dirrty
42%
Stripped Cruz
41%
Burlesque: Original Motion Picture Soundtrack Express
41%
Bionic Glam
41%
Bionic I Am
41%
Bionic I Hate Boys
41%
Stripped Infatuation
41%
Back to Basics Slow Down Baby
41%
Bionic Elastic Love
40%
Lotus Lotus Intro
40%
Back to Basics Save Me from Myself
40%
Christina Aguilera So Emotional
40%
Back to Basics Back in the Day
38%
Stripped Keep on Singin' My Song
38%
Lotus Let There Be Love
38%
Stripped Loving Me 4 Me
38%
Mi Reflejo Ven Conmigo (Solamente Tú)
38%
Bionic Desnudate
37%
Back to Basics Enter the Circus
37%
Back to Basics F.U.S.S. (Interlude)
37%
Stripped Make Over
37%
Bionic Sex for Breakfast
37%
Stripped Stripped Intro
37%
Stripped Underappreciated
37%
Bionic Vanity
37%
Lotus Circles
36%
Back to Basics Nasty Naughty Boy
36%
Lotus Army of Me
35%
Bionic Birds of Prey
35%
Bionic Prima Donna
35%
Back to Basics Understand
35%
Burlesque: Original Motion Picture Soundtrack Bound to You
34%
Back to Basics I Got Trouble
34%
Christina Aguilera Obvious
34%
Lotus Red Hot Kinda Love
34%
Burlesque: Original Motion Picture Soundtrack Something's Got a Hold on Me
34%
Back to Basics The Right Man
34%
Lotus Blank Page
33%
Christina Aguilera Love Will Find a Way
33%
Liberation Searching for Maria
33%
Christina Aguilera Somebody's Somebody
33%
The Get Down (Original Soundtrack from the Netflix Original Series) Telepathy
33%
Back to Basics Thank You (Dedication to Fans...)
33%
Liberation Twice
33%
Lotus Around the World
32%
Bionic Bobblehead
32%
Keeps Gettin' Better: A Decade of Hits Dynamite
32%
Liberation Pipe
32%
Lotus Sing for Me
32%
My Kind of Christmas The Christmas Song (Chestnuts Roasting on an Open Fire)
32%
Christina Aguilera Blessed
31%
Keeps Gettin' Better: A Decade of Hits Genie 2.0
31%
Mi Reflejo Genio Atrapado
31%
Liberation Like I Do
31%
Christina Aguilera Love for All Seasons
31%
Bionic Love & Glamour
31%
Mulan (Soundtrack) Loyal Brave True
31%
Back to Basics Mercy on Me
31%
Christina Aguilera When You Put Your Hands on Me
31%
Lotus Cease Fire
30%
Bionic Lift Me Up
30%
Sound Loaded Nobody Wants to Be Lonely
30%
My Kind of Christmas The Christmas Song (Holiday Remix)
30%
Bionic All I Need
29%
Single #2 Change
29%
Lotus Make the World Move
29%
Liberation Masochist
29%
Burlesque: Original Motion Picture Soundtrack Tough Lover
29%
Liberation Deserve
28%
The Addams Family (Soundtrack) Haunted Heart
28%
Back to Basics Here to Stay
28%
Bionic Monday Morning
28%
Bionic Morning Dessert
28%
Lotus Shut Up
28%
Liberation Sick of Sittin'
28%
The Hunger Games: Catching Fire - Original Motion Picture Soundtrack We Remain
28%
Mi Reflejo Falsas Esperanzas
27%
Bionic My Girls
27%
Back to Basics On Our Way
27%
Liberation Unless It's with You
27%
Burlesque: Original Motion Picture Soundtrack The Beautiful People
26%
Back to Basics Without You
26%
My Kind of Christmas Oh Holy Night
25%
Liberation Right Moves
25%
Bionic Stronger Than Ever
25%
Sweat Tilt Ya Head Back
25%
Mi Reflejo Una Mujer
25%
Burlesque: Original Motion Picture Soundtrack But I Am a Good Girl
24%
My Kind of Christmas Have Yourself a Merry Little Christmas
24%
Lotus Light Up the Sky
24%
Stripped Loves Embrace Interlude
24%
Bionic My Heart
24%
Stripped Primer Amor Interlude
24%
Casa de Mi Padre: Original Motion Picture Soundtrack Casa de Mi Padre
23%
My Kind of Christmas Christmas Time
22%
Platinum Christmas Silent Night / Noche de Paz
22%
Lotus Best of Me
21%
Mi Reflejo Contigo en la Distancia
21%
Lotus Empty Words
21%
A Great Big World Fall on Me
21%
Just Be Free Move It
21%
Mi Reflejo Pero Me Acuerdo de Ti
21%
Mi Reflejo Por Siempre Tú
21%
My Kind of Christmas This Christmas
21%
Christina Aguilera Don't Make Me Love You
20%
Liberation Dreamers
20%
Liberation I Don't Need It Anymore (Interlude)
20%
My Kind of Christmas Xtina's Xmas (Interlude)
20%
Keeps Gettin' Better: A Decade of Hits You Are What You Are (Beautiful)
20%
Just Be Free Our Day Will Come
19%
Just Be Free Running out of Time
19%
Just Be Free Believe Me
18%
Just Be Free By Your Side
18%
My Kind of Christmas Angels We Have Heard on High
17%
Just Be Free Make Me Happy
17%
My Kind of Christmas Merry Christmas, Baby
17%
My Kind of Christmas These Are the Special Times
17%
My Kind of Christmas This Year
17%
Mi Reflejo El Beso del Final
16%
Mi Reflejo Si No Te Hubiera Conocido
16%
Promo Single #3 Do What U Want
15%
Burlesque: Original Motion Picture Soundtrack Guy What Takes His Time
15%
Just Be Free The Way You Talk to Me
15%
Just Be Free Dream a Dream
14%
Finding Neverland: The Album Anywhere But Here
13%
Mi Reflejo Cuando No es Contigo
13%
Christina Aguilera We Are a Miracle
13%
The Spirit (Soundtrack) Falling in Love Again (Can't Help It)
12%
Served Like a Girl (Soundtrack) America
11%
Instant Karma: The Amnesty International Campaign to Save Darfur Mother
11%
Promo Single #5 Shotgun
9%
Viva Duets Steppin' Out with My Baby
9%
Promo Single #2 The Prayer
9%
Promo Single #4 The Real Thing
9%
Promo Single Hello
8%
Single All I Wanna Do
7%
Justin & Christina That's What Love Can Do
7%
Promo Single #6 You've Got a Friend
2%
No matching quizzes found
Score Distribution
Percent of People with Each Score
Percentile by Number Answered
Your Score History
You have not taken this quiz